1882 1690 1165 1624 1633 1112 1348 1511 1264 1101 1370 1515 1644 1619 1145 1850 1317 1386 1021 1574 1159 1104 1074 1652 1390 1550 1958 1336 1363 1940 1640 1535 1329 1439 1932 1004 1699 1599 1725 1112 1004 1875 1727 1563 1164 1598 1291 1761 1054 1971 1213 1076 1083 1685 1927 1923 1460 1893 1006 1277 1957 1976 1007 1867 1937 1048 1812 1060 1801 1703 1543 1657 1422 1190 1004 1601 1342 1208 1313 1412 1912 1399 1585 1619 1205 1112 1948 1752 1319 1799 1409 1284 1976 1100 1567 1537 1973 1203 1395 BCNSPRNW ULIB Ver.6.0+V

เปลี่ยนเป็นภาษาไทย

Change to English
 แสดงรายละเอียดบรรณานุกรม
  กลับหน้าหลัก

Brief Record : Get Marc (ISO 2709) : E-mail record : QR code < ปิดหน้าต่าง
LEADER : 00000nam 2200000uu 4500
001    13399126458
003     ULIB
008    180918s2561||||th 000 0 tha d
020    ^a9789740337560
050    ^aLB1051^bว744จ
100    ^aวีรพล แสงปัญญา
245    ^aจิตวิทยาการเรียนการสอน
250    ^aพิมพ์ครั้งที่ 1
260    ^aกรุงเทพฯ :^bศูนย์หนังสือจุฬาลงกรณ์มหาวิทยาลัย,^c2561
300    ^a198 หน้า
650    ^aจิตวิทยาการศึกษา
945    ^p200^l0^i26996
945    ^p200^l0^i26995
945    ^p200^l0^i26994
945    ^p200^l0^i26666
945    ^p200^l0^i26667
945    ^p200^l0^i26997
945    ^p200^l0^i26998
999    ^aกัณชพร จุลอักษร
รายการนี้ยังไม่มีแท็ก
คุณยังไม่ได้ล็อกอิน คุณสามารถมีกิจกรรมร่วมกับเว็บไซต์ได้ แต่ต้องล็อกอินก่อน ::
  ล็อกอิน

รายการสื่อสารสนเทศ

ลำดับที่ ประเภท เลขเรียก/บาร์โค้ด สถานที่ สถานะ
1. หนังสือสำรอง
หนังสือสำรอง
LB1051 ว744จ ฉ.1 
  Barcode: 26666
ห้องสมุดวิทยาเขตนครสวรรค์
►หนังสือทั่วไป:l:General Books
บนชั้น
2. วิทยาศาสตร์การแพทย์ และสุขภาพ
วิทยาศาสตร์การแพทย์ และสุขภาพ
LB1051 ว744จ ฉ.2 
  Barcode: 26667
ห้องสมุดวิทยาเขตนครสวรรค์
►หนังสือทั่วไป:l:General Books
บนชั้น
3. วิทยาศาสตร์การแพทย์ และสุขภาพ
วิทยาศาสตร์การแพทย์ และสุขภาพ
LB1051 ว744จ ฉ.3 
  Barcode: 26994
ห้องสมุดวิทยาเขตนครสวรรค์
►หนังสือทั่วไป:l:General Books
บนชั้น
4. วิทยาศาสตร์การแพทย์ และสุขภาพ
วิทยาศาสตร์การแพทย์ และสุขภาพ
LB1051 ว744จ ฉ.4 
  Barcode: 26995
ห้องสมุดวิทยาเขตนครสวรรค์
►หนังสือทั่วไป:l:General Books
บนชั้น
5. วิทยาศาสตร์การแพทย์ และสุขภาพ
วิทยาศาสตร์การแพทย์ และสุขภาพ
LB1051 ว744จ ฉ.5 
  Barcode: 26996
ห้องสมุดวิทยาเขตนครสวรรค์
►หนังสือทั่วไป:l:General Books
บนชั้น
6. วิทยาศาสตร์การแพทย์ และสุขภาพ
วิทยาศาสตร์การแพทย์ และสุขภาพ
LB1051 ว744จ ฉ.6 
  Barcode: 26997
ห้องสมุดวิทยาเขตนครสวรรค์
►หนังสือทั่วไป:l:General Books
บนชั้น
7. วิทยาศาสตร์การแพทย์ และสุขภาพ
วิทยาศาสตร์การแพทย์ และสุขภาพ
LB1051 ว744จ ฉ.7 
  Barcode: 26998
ห้องสมุดวิทยาเขตนครสวรรค์
►หนังสือทั่วไป:l:General Books
บนชั้น

รายการใกล้เคียง
    ชื่อเรื่อง [จิตวิทยาการเรียนการสอน]

    หัวเรื่อง [จิตวิทยาการศึกษา]

BibComment


ยังไม่เคยถูกคอมเมนท์

คอมเมนท์ทรัพยากรรายการนี้
  คอมเมนท์: จิตวิทยาการเรียน..


 Copyright 2026. Bcnsprnw @Library